00658 2200241 4500001002100000005001700021008004100038020001800079035002400097041000800121043001200129082001000141090002100151100002800172245007700200250001100277260003200288300002100320650002500341700001800366850001200384999002000396YOGYA-0511000000101320110518080855.0 ind  a979-672-385-9 0010-051100000001012 aInd aYOPDYOG a248.4 aDEP 248.4bYoh M aYOHANES PAULUS II, Paus aMenuju kesempurnaan IlahicPaus Yohanes Paulus II ; editor Paul Thigpen. aCet.1. aYogyakartabKanisiusc1999. a100 hlm.c19 cm. aKehidupan Kerohanian aThigpen, Paul aYOPDYOG aCB-D.11 1999-98